00237nam a2200097Ia 4500008004100000082000800041100001900049245005000068942000600118999001500124240331s9999 xx 000 0 und d bREC aSangari, K. ed 0aRecasting women :bessays in colonial history cL c2111d2111